000 01245cam a2200313 i 4500
001 4509053
003 EG-ScBUE
005 20250716092938.0
008 981009t1999 caua f b 001 0 eng d
020 _a189138905X (acidfree paper)
020 _a9781891389054
040 _aDLC
_cDLC
_dDLC
082 0 4 _a541.369
_222
_bMCQ
100 1 _aMcQuarrie, Donald A.
_q(Donald Allan)
_eauthor.
_97324
245 1 0 _aMolecular Thermodynamics /
_cDonald A. McQuarrie, University of California, Davis, John D. Simon, George B. Geller professor of chemistry, Duke University.
264 1 _aSausalito, California :
_bUniversity Science Books,
_c[1999]
264 4 _cc1999
300 _axiii, 656 pages :
_billustrations ;
_c26 cm
336 _2rdacontent
_atext
_btxt
337 _aunmediated
_2rdamedia
_bn
338 _avolume
_bnc
_2rdacarrier
504 _aIncludes bibliographical references and index.
650 7 _aThermodynamics.
_2BUEsh
_97325
655 _vReading book
700 1 _aSimon, John D.
_q(John Douglas),
_d1957-
_eauthor.
_97326
942 _2ddc
_cBB
999 _c12140
_d12140